000 01820cam a2200541 i 4500
001 46690
003 KOSZ 005
005 20250529135733.0
008 250528s2005 pl ao f 000 0 pol
015 _aUWD 2005/21529
020 _a8370858732
035 _a991028817329705066
035 _a(PL-WaBN)b17794006-48omnis_nlop
035 _ab17794006
035 _a(OCoLC)69469175
035 _azz2005874496
035 _a(PL)b0000001779400
035 _a(EXLNZ-48OMNIS_NETWORK)9910441969105606
040 _aWA N
_cWA N
_dKOSZ 005/RW
046 _k2005
080 _a621.9-52
080 _a681.5
080 _a658.5
080 _a004.414
080 _a(075.8)
100 1 _aKrzyżanowski, Józef
_d(1940-2012)
_eAutor
245 1 0 _aWprowadzenie do elastycznych systemów wytwórczych /
_cJózef Krzyżanowski.
260 _aWrocław :
_bOficyna Wydawnicza Politechniki Wrocławskiej,
_c2005.
300 _a248 stron :
_bfotografie, rysunki, wykresy ;
_c24 cm.
336 _aTekst
_btxt
_2rdacontent
337 _aBez urządzenia pośredniczącego
_bn
_2rdamedia
338 _aWolumin
_bnc
_2rdacarrier
380 _aKsiążki
380 _aPublikacje dydaktyczne
380 _aPublikacje naukowe
385 _mPoziom nauczania
_aSzkoły wyższe
388 1 _a2001-
504 _aBibliografia na stronach [243]-248.
650 7 _aAutomatyzacja
_2DBN
650 7 _aElastyczne systemy wytwarzania
_2DBN
650 7 _aObrabiarka
_2DBN
655 7 _aPodręczniki akademickie
_2DBN
658 _aInżynieria i technika
710 2 _aOficyna Wydawnicza Politechniki Wrocławskiej
_4pbl
856 _uhttps://koha.tu.koszalin.pl/cgi-bin/koha/opac-detail.pl?biblionumber=46690
_yKatalog online BPK
942 _2UKD
_cKS
999 _c46690
_d46690